000 00597nam a2200193 i 4500
001 bg
100 1 _aFORSTERLING, Horst Dieter
245 0 _aEksperymentalna chemia fizyczna /
_cHorst Dieter Forsterling, Hans Kuhn ; [Tłum. z jęz. niem. Zofia Siedlecka, Stanisław Pietrzyk].
260 _aWarszawa :
_bWydawn. Nauk.-Techn.,
_c1976.
300 _as. 534, nlb. 2 :
_brys.
504 _a[Zawiera bibliogr. s. 518-523].
650 9 _aChemia fizyczna
700 1 _aKUHN, Hans
040 _cBPK
041 _apol
080 _a544
942 _cKS
008 s pl f |000 0 pol
999 _c17167
_d17167
856 _uhttp://koha.tu.koszalin.pl/cgi-bin/koha/opac-detail.pl?biblionumber=17167
_yKatalog online BPK